| 000 | 00671cam a2200217 i 4500 | ||
|---|---|---|---|
| 001 | 1355275 | ||
| 005 | 20241218175326.0 | ||
| 008 | 801027s1981 mnua b 001 0 eng | ||
| 020 |
_a0829904190 : _c$18.95 |
||
| 050 | 0 | 0 |
_aQP141 _b.W46 1981 |
| 082 | 0 | 0 |
_a613.2 _219 |
| 100 | 1 | _aWhitney, Eleanor Noss. | |
| 245 | 1 | 0 |
_aUnderstanding nutrition / _cEleanor Noss Whitney, Eva May Nunnelley Hamilton. |
| 250 | _a2nd ed. | ||
| 260 |
_aSt. Paul : _bWest Pub. Co., _cc1981. |
||
| 300 |
_axvi, 629, 118, xix-xxxvi p. : _bill. ; _c26 cm. |
||
| 650 | 0 | _aNutrition. | |
| 650 | 0 | _aMetabolism. | |
| 700 | 1 |
_aHamilton, Eva May Nunnelley, _ejoint author. |
|
| 942 |
_2lcc _cBK _e2nd ed. _n0 |
||
| 999 |
_c2459 _d2459 |
||